Náčrt problematiky sociálnej politiky

Guardado en:
Detalles Bibliográficos
Autor principal: Strieženec, Štefan
Formato: Libro
Lenguaje:eslovaco
Publicado: Bratislava Univerzita Komenského v Bratislave 1993
Materias:
Etiquetas: Agregar Etiqueta
Sin Etiquetas, Sea el primero en etiquetar este registro!

MARC

LEADER 00000nam a2200000 4500
001 c009703
005 20230117084332.3
020 |a 80-223-0712-2 
041 0 |a slo 
044 |a SK 
245 1 0 |a Náčrt problematiky sociálnej politiky  |c Štefan Strieženec 
264 1 |a Bratislava  |b Univerzita Komenského v Bratislave  |c 1993 
300 |a 198 s. 
610 2 0 |a politika sociálna 
610 2 0 |a úroveň životná 
610 2 0 |a politika sociálna podniková 
610 2 0 |a politika hospodárska 
610 2 0 |a Slovensko 
610 2 0 |a Európa 
610 2 0 |a ústava 
610 2 0 |a práva ľudské 
610 2 0 |a zamestnanosť 
100 1 |a Strieženec, Štefan